Statistics for Warfarin Colors and Strengths

Click here to take the quiz!

General Stats

  • This quiz has been taken 9 times
  • The average score is 7 of 9

Answer Stats

HintAnswer% Correct
4 mgBlue
100%
2.5 mgGreen
100%
10 mgWhite
100%
7.5 mgYellow
100%
1 mgPink
80%
3 mgBrown
60%
2 mgLavender
60%
5 mgPeach
60%
6 mgTeal
60%

Score Distribution

Percentile by Number Answered

Percent of People with Each Score

Your Score History

You have not taken this quiz